Statistics for Vancouver quiz!

Click here to take the quiz!

General Stats

  • This quiz has been taken 8 times
  • The average score is 9 of 15

Answer Stats

HintAnswer% Correct
Name the park adjacent to downtown Vancouver (hint: hockey cup).Stanley park
100%
Vancouver hosted this in 2010...Olympics
83%
Under 50 percent of trips in Vancouver are made by...Car
67%
What major environmental organization was formed in Vancouver?Greenpeace
67%
What is famously unaffordable in Vancouver?Housing
67%
Name of the actor who was born in Vancouver?Ryan Reynolds
67%
What is the name of Vancouver's subway/metro system?Skytrain
67%
What sushi roll was invented in Vancouver, BC?California roll
50%
Riot was started in 2011 due to this hockey teams loss of the Stanley cup...Canucks
50%
Although Vancouver is home to many environmentalists, Roberts Bank is home to the busiest ____ exporting terminal in North America.Coal
50%
Vancouver is one of the only major cities in North America to not have a... (related to above)Freeway
50%
What is Vancouver referred to due to many major movies being filmed in Vancouver?Hollywood North
50%
This billion dollar clothing company was started in Vancouver by a controversial CEO...Lululemon
50%
Name the city in Vancouver metro that is on track to outgrow Vancouver in population?Surrey
50%
Name of both a city in BC and one of the 3 First Nation's to live in "Vancouver" for millennia.Squamish (SḴWX̱WU7MESH)
33%

Score Distribution

Percentile by Number Answered

Percent of People with Each Score

Your Score History

You have not taken this quiz